000 00912nam a2200205 i 4500
001 185897
003 ES-MaACL
005 20250826083704.0
008 160819s1939 sp |||| | spa d
245 0 0 _aÍndice por autores y por materias de los trabajos publicados por la revista Mauritania, desde su principio a su núm. 133 (diciembre 1938).
260 _a[S.l.] :
_b[s.n.],
_c1939.
300 _a16, 34 h. ;
_c33 cm.
490 1 _aCuadernos de trabajo. Serie 1ª, Índices bibliográficos ; cuaderno ;
_v1
594 _aPrecede al tít.: Instituto General Franco para la Investigación Hispano-Árabe.
630 0 4 _aMauritania (Tánger)-
_vÍndices.
_9160516
710 2 _aInstituto General Franco de Estudios e Investigación Hispano-Árabe.
_9149197
830 0 0 _aCuadernos de trabajo.
_pSerie 1ª, índices bibliográficos
_v1
_9225303
852 _aES-MaACL
_j1724-F-18
999 _c185897
_d185897